[Event "London Chess Classic: Busy Persons"]
[Site "?"]
[Date "2010.12.12"]
[Round "5"]
[White "Ponting, Andrew"]
[Black "Mollison, Jamie"]
[Result "1/2-1/2"]
[WhiteElo "1860"]
[BlackElo "1976"]
[PlyCount "26"]
[EventDate "2010.12.11"]

1. d4 e6 2. e4 d5 3. Nc3 dxe4 4. Nxe4 Nd7 5. Nf3 Ngf6 6. Bg5 Be7 7. Bxf6 Nxf6
8. Bd3 O-O 9. Qe2 Nd5 10. O-O-O Nf4 11. Qf1 Nxd3+ 12. Qxd3 b6 13. Rhe1 Bb7
1/2-1/2

[Event "London Chess Classic: Busy Persons"]
[Site "?"]
[Date "2010.12.12"]
[Round "5"]
[White "Keuneke, Tobias"]
[Black "Wadsworth, Matthew J"]
[Result "0-1"]
[WhiteElo "1560"]
[BlackElo "1889"]
[PlyCount "84"]
[EventDate "2010.12.11"]

1. e4 Nf6 2. e5 Nd5 3. c4 Nb6 4. d4 d6 5. exd6 exd6 6. Bd3 Be7 7. h3 O-O 8. Nf3
Re8 9. O-O Bf6 10. Qc2 g6 11. Nc3 Nc6 12. Be3 Nb4 13. Qd2 Nxd3 14. Qxd3 Bf5 15.
Qe2 c6 16. Rfd1 d5 17. c5 Nc4 18. b3 Nxe3 19. fxe3 Qe7 20. Re1 Bg7 21. g4 Bd7
22. e4 dxe4 23. Qxe4 Qd8 24. Qf4 f5 25. Ne5 Bxe5 26. Rxe5 Qh4 27. Rf1 Qxh3 28.
gxf5 Bxf5 29. Qg5 Rxe5 30. dxe5 Rf8 31. Ne4 Bxe4 32. Rxf8+ Kxf8 33. Qd8+ Kg7
34. Qf6+ Kh6 35. Qf4+ g5 36. Qxe4 Qg3+ 37. Kh1 Qh4+ 38. Qxh4+ gxh4 39. Kh2 Kg5
40. Kh3 Kf5 41. Kxh4 Kxe5 42. Kh5 Kd4 0-1

[Event "London Chess Classic: Busy Persons"]
[Site "?"]
[Date "2010.12.12"]
[Round "5"]
[White "Jones, Stephen A"]
[Black "Pattni, Kishan"]
[Result "1-0"]
[WhiteElo "1801"]
[BlackElo "1714"]
[PlyCount "65"]
[EventDate "2010.12.11"]

1. Nf3 f5 2. d3 d6 3. c4 e5 4. Nc3 Nf6 5. e3 Be7 6. Qc2 a5 7. Be2 O-O 8. Bd2
Nc6 9. a3 Qe8 10. Nb5 Bd8 11. h3 Nd7 12. O-O-O a4 13. g4 f4 14. Bc3 fxe3 15.
fxe3 Nc5 16. Rdf1 Na7 17. Nxa7 Nb3+ 18. Kb1 Rxa7 19. Nd2 Nxd2+ 20. Qxd2 Rxf1+
21. Rxf1 c6 22. d4 Bc7 23. dxe5 dxe5 24. Bb4 e4 25. Qd4 Ra5 26. Bxa5 Bxa5 27.
c5 Be6 28. Bc4 Bxc4 29. Qxc4+ Kh8 30. Qf7 Qg8 31. Qe7 Bd8 32. Qd6 Bf6 33. g5
1-0

[Event "London Chess Classic: Busy Persons"]
[Site "?"]
[Date "2010.12.12"]
[Round "5"]
[White "Keuneke, Hanno"]
[Black "Chidi, Lovinia Sylvia"]
[Result "1-0"]
[WhiteElo "1745"]
[BlackElo "1814"]
[PlyCount "120"]
[EventDate "2010.12.11"]

1. e4 c5 2. Nf3 d6 3. d4 cxd4 4. Nxd4 Nf6 5. Nc3 a6 6. Bg5 e6 7. f4 Be7 8. Qf3
Qc7 9. O-O-O Nc6 10. e5 dxe5 11. Nxc6 bxc6 12. fxe5 Nd5 13. Bxe7 Nxe7 14. Ne4
O-O 15. Nd6 Qa5 16. Bc4 Qxe5 17. Nxf7 Qf6 18. Qxf6 gxf6 19. Nd6 Nd5 20. Nxc8
Rfxc8 21. Rhe1 Kf7 22. Bb3 Ra7 23. c4 Ne7 24. Rd6 e5 25. c5+ Nd5 26. Bxd5+ cxd5
27. Rxd5 Rac7 28. b4 a5 29. a3 axb4 30. axb4 Ra8 31. Red1 Ra1+ 32. Kb2 Rxd1 33.
Rxd1 e4 34. Kc3 f5 35. Rd5 Ke6 36. Kd4 Rb7 37. Rd6+ Ke7 38. Ke5 Rxb4 39. Kxf5
Rb5 40. Kxe4 Rxc5 41. Rh6 Rc2 42. Rxh7+ Kf6 43. g3 Kg6 44. Kd3 Ra2 45. Rh4 Ra3+
46. Kc2 Ra2+ 47. Kb3 Rg2 48. Kc3 Ra2 49. Kd3 Ra3+ 50. Ke2 Ra2+ 51. Kf3 Ra3+ 52.
Kg4 Ra4+ 53. Kh3 Ra3 54. Rb4 Kg5 55. Rb5+ Kg6 56. Kh4 Ra4+ 57. g4 Ra2 58. h3
Ra4 59. Rb6+ Kg7 60. Kh5 Ra8 {no more moves recorded} 1-0

[Event "London Chess Classic: Busy Persons"]
[Site "?"]
[Date "2010.12.12"]
[Round "5"]
[White "Banda, Graham"]
[Black "Othman, Mustapha"]
[Result "0-1"]
[WhiteElo "1640"]
[BlackElo "1699"]
[PlyCount "91"]
[EventDate "2010.12.11"]

1. e4 c5 2. Nf3 d6 3. d4 cxd4 4. Nxd4 Nf6 5. Nc3 a6 6. Be2 e5 7. Nf5 Bxf5 8.
exf5 d5 9. Bg5 d4 10. Bxf6 Qxf6 11. Ne4 Qxf5 12. Bd3 Qf4 13. Qh5 g6 14. Qh3 Nd7
15. O-O f5 16. g3 Qh6 17. Nd6+ Ke7 18. Nxf5+ gxf5 19. Qxf5 Qf6 20. Qh5 Qh6 21.
Qf3 Rb8 22. Bc4 Rc8 23. Bb3 Rc6 24. Qf7+ Kd8 25. f4 e4 26. Qd5 Bc5 27. Rad1 Re8
28. Kh1 e3 29. Rfe1 Rb6 30. Rd3 Qh3 31. c3 e2 32. Qg2 Qf5 33. Bc2 Rxb2 34. g4
Qe4 35. Qxe4 Rxe4 36. Rd2 d3 37. Rxd3 Rxc2 38. Kg2 Rxf4 39. Rf3 Rxg4+ 40. Kh3
Rg1 41. Rxe2 Rxe2 42. Rf7 Re6 43. Rxh7 Kc7 44. c4 Kc6 45. a4 Ne5 46. Rh4 {no
more moves recorded} 0-1